00358nam a2200133Ia 4500003000400000005001700004008004100021040001800062041000800080100004600088110001200134245005800146260002000204OSt20230529104311.0211028s2015 xx 000 0 und d cAIMIT LIBRARY aeng aDsouza, Austin Solomon; Ruban, S.e131903 aRuban S aReal time sentiment analysis using social media data. aMangalorec2015